<?xml version="1.0" encoding="UTF-8"?>
<record
    xmlns:xsi="http://www.w3.org/2001/XMLSchema-instance"
    xsi:schemaLocation="http://www.loc.gov/MARC21/slim http://www.loc.gov/standards/marcxml/schema/MARC21slim.xsd"
    xmlns="http://www.loc.gov/MARC21/slim">

  <leader>01588    a2200217   4500</leader>
  <controlfield tag="001">50085</controlfield>
  <controlfield tag="005">20260407155801.0</controlfield>
  <controlfield tag="008">260407a1995    arg                 spa d</controlfield>
  <controlfield tag="003">AR-UNSa-BCEJYS</controlfield>
  <datafield tag="040" ind1=" " ind2=" ">
    <subfield code="a">AR-UNSa-BCEJYS</subfield>
    <subfield code="b">spa</subfield>
    <subfield code="c">AR-UNSa-BCEJYS</subfield>
  </datafield>
  <datafield tag="080" ind1=" " ind2=" ">
    <subfield code="a">004.67*E</subfield>
    <subfield code="x">Sistemas para datos num&#xE9;ricos. Sistemas de hoja de c&#xE1;lculo (Excel)</subfield>
  </datafield>
  <datafield tag="245" ind1="1" ind2="0">
    <subfield code="a">10 Minutos gu&#xED;a para Excel 5</subfield>
  </datafield>
  <datafield tag="020" ind1=" " ind2=" ">
    <subfield code="a">950-528-128-5</subfield>
  </datafield>
  <datafield tag="264" ind1=" " ind2="1">
    <subfield code="a">Buenos Aires :</subfield>
    <subfield code="b">Hasa (Hispano Americana)</subfield>
    <subfield code="c">1995</subfield>
  </datafield>
  <datafield tag="300" ind1=" " ind2=" ">
    <subfield code="a">x, 166 p.</subfield>
    <subfield code="c">21 cm.</subfield>
  </datafield>
  <datafield tag="505" ind1=" " ind2=" ">
    <subfield code="a">1. Inicio y salida de Excel - 2. Recorriendo la ventana Excel - 3. Uso de las barras de herramientas de Excel - 4. Trabajando con archivos de libro de trabajo - 5. Trabajando con planillas - 6. Ingreso y edici&#xF3;n de datos - 7. Trabajo con rangos - 8. Copiado, movimiento y borrado de datos - 9. Inserci&#xF3;n y eliminaci&#xF3;n de celdas, filas y columnas - 10. Escribiendo f&#xF3;rmulas - 11. Ejecuci&#xF3;n de c&#xE1;lculos complejos con funciones - 12. Impresi&#xF3;n de su libro de trabajo - 13. Ajuste de formatos num&#xE9;ricos y alineamiento de texto - 14. Mejorando el aspecto de su texto - 15. Agregado de bordes y sombreado a las celdas - 16. Cambio del ancho de columna y altura - 17. Dando formato de estilos - 18. Creaci&#xF3;n de gr&#xE1;ficos - 19. Realce de gr&#xE1;ficos - 20. Agregando gr&#xE1;ficos a diagramas y libros de trabajo - 21. Creaci&#xF3;n de una base de datos - 22. Buscar y ordenar datos en una base de datos - 23. Resumen y comparaci&#xF3;n de datos en una base de datos - </subfield>
  </datafield>
  <datafield tag="041" ind1=" " ind2=" ">
    <subfield code="a">spa</subfield>
  </datafield>
  <datafield tag="942" ind1=" " ind2=" ">
    <subfield code="c">BK</subfield>
  </datafield>
  <datafield tag="590" ind1=" " ind2=" ">
    <subfield code="a">niveau_biblio:m niveau_hierar:0</subfield>
  </datafield>
  <datafield tag="100" ind1="1" ind2=" ">
    <subfield code="a">Kraynak, Joe</subfield>
  </datafield>
  <datafield tag="999" ind1=" " ind2=" ">
    <subfield code="c">4947</subfield>
    <subfield code="d">4947</subfield>
  </datafield>
  <datafield tag="952" ind1=" " ind2=" ">
    <subfield code="0">0</subfield>
    <subfield code="1">0</subfield>
    <subfield code="4">0</subfield>
    <subfield code="7">0</subfield>
    <subfield code="a">BCEJYS</subfield>
    <subfield code="b">BCEJYS</subfield>
    <subfield code="c">16</subfield>
    <subfield code="d">2026-04-07</subfield>
    <subfield code="l">0</subfield>
    <subfield code="o">004.67*E K89</subfield>
    <subfield code="p">L85051</subfield>
    <subfield code="r">2026-04-07 15:58:01</subfield>
    <subfield code="w">2026-04-07</subfield>
    <subfield code="y">L</subfield>
  </datafield>
</record>
